Statistics for New Zealand Rugby Quiz A-Z

Click here to take the quiz!

General Stats

  • This quiz has been taken 163 times
  • The average score is 14 of 26

Answer Stats

HintAnswer% Correct
Leading All Blacks points scorer of all timeDaniel Carter
91%
Nobody has captained the All Blacks more oftenRichie McCaw
90%
One of the most famous of all, lit up the 1995 world cupJonah Lomu
86%
The IcemanMichael Jones
73%
Dropped goal exponent and one of the most skilled forwards everZinzan Brooke
73%
The first name of two recent All Blacks from ManawatuAaron
71%
The nickname of the great Colin MeadsPinetree
71%
Scored 6 tries in a test against JapanMarc Ellis
69%
First played for Samoa before amassing over 50 tests as a centreFrank Bunce
65%
NZ's first captain of Pacific Island descentTana Umaga
64%
Name of NZ's top provincial competitionITM Cup
58%
All Blacks general in the 1987 World CupGrant Fox
54%
All Black captain in 1998-1999Taine Randell
52%
The only father/son pairing to have both captained the All BlacksOliver
48%
Wellington and Hurricanes loose forward who has occasionally appeared for the ABsVictor Vito
48%
Former All Black captain who pulled a hamstring on the eve of the 1987 World CupAndy Dalton
47%
Auckland and All Blacks lock of the 1970s and early 80sAndy Haden
41%
One of NZ's finest captains. Retired after the 1965 Springbok tourWilson Whineray
38%
The French called him the Black PantherWaka Nathan
34%
Auckland loose forward, played a handful of games for NZXavier Rush
32%
Two brothers from Gisborne who played for the All Blacks at separate timesGear
29%
The move used for Tony Woodcock's try in the 2011 world cup finalTeabag
29%
Famously hit by a flourbomb in 1981Gary Knight
27%
Made a famous comeback in 1949, also was a NZ heavyweight boxing champKevin Skinner
26%
All Black hooker of the 50s and 60sDennis Young
22%
Jimmy Cowan's first nameQuinton
20%

Score Distribution

Percentile by Number Answered

Percent of People with Each Score

Your Score History

You have not taken this quiz